[Event "España tch DH2"]
[Site "Lugo ESP"]
[Date "2007.06.30"]
[Round "4.35"]
[White "Granados Gomez, Manuel"]
[Black "Cacho Reigadas, Sergio"]
[Result "0-1"]
[PlyCount "104"]
[EventDate "2007.06.27"]
[EventType "team"]
[EventRounds "5"]
[EventCountry "ESP"]
[Source "lmi"]
[SourceDate "2007.06.27"]
[WhiteElo "2410"]
[BlackElo "2470"]

1. c4 g6 2. Nc3 Bg7 3. e4 c5 4. g3 Nc6 5. Bg2 h5 6. Nf3 d6 7. h3 e5 8. d3 Bh6
9. Bxh6 Nxh6 10. Qd2 Nd4 11. Nxd4 cxd4 12. Ne2 f6 13. f4 Kf7 14. O-O Kg7 15.
Rac1 Qe7 16. b4 Be6 17. c5 Rac8 18. cxd6 Qxd6 19. a3 Rxc1 20. Rxc1 Rc8 21. Rxc8
Bxc8 22. fxe5 fxe5 23. Qc2 Bd7 24. Kh2 Qc6 25. Qxc6 Bxc6 26. Ng1 Kf6 27. Nf3
Nf7 28. Nd2 Nd6 29. h4 Ba4 30. Kg1 Nb5 31. Nc4 b6 32. Bf1 Bb3 33. Kf2 Bxc4 34.
dxc4 Nxa3 35. Bd3 a6 36. b5 axb5 37. cxb5 Ke7 38. g4 Kd6 39. gxh5 gxh5 40. Kg3
Kc5 41. Be2 Nxb5 42. Bxh5 d3 43. Bf3 Nd6 44. h5 b5 45. h6 Nf7 46. h7 b4 47. Bg4
Nh8 48. Kf3 Kd4 49. Bd7 b3 50. Be6 Kc3 51. Ke3 b2 52. Ba2 d2 0-1

[Event "España tch DH2"]
[Site "Lugo ESP"]
[Date "2007.07.01"]
[Round "5.15"]
[White "Cacho Reigadas, Sergio"]
[Black "Jobava, Baadur"]
[Result "0-1"]
[PlyCount "47"]
[EventDate "2007.06.27"]
[EventType "team"]
[EventRounds "5"]
[EventCountry "ESP"]
[Source "lmi"]
[SourceDate "2007.06.27"]
[WhiteElo "2470"]
[BlackElo "2658"]

1. Nf3 Nf6 2. c4 e6 3. g3 b6 4. Bg2 Bb7 5. O-O Be7 6. Nc3 O-O 7. d4 Ne4 8. Nxe4
Bxe4 9. Bf4 f5 10. d5 Na6 11. Nd4 Bxg2 12. Kxg2 Qc8 13. dxe6 dxe6 14. Qc1 Bf6
15. Qe3 c5 16. Nf3 Bxb2 17. Rad1 Nb4 18. Rd6 Re8 19. Be5 Bxe5 20. Nxe5 Qb7+ 21.
f3 Rad8 22. Rfd1 Nd5 23. cxd5 Rxd6 24. Nc4 0-1

[Event "España tch DH2"]
[Site "Lugo ESP"]
[Date "2007.07.01"]
[Round "5.23"]
[White "Inarkiev, Ernesto"]
[Black "Aagaard, Jacob"]
[Result "1-0"]
[PlyCount "42"]
[EventDate "2007.06.27"]
[EventType "team"]
[EventRounds "5"]
[EventCountry "ESP"]
[Source "lmi"]
[SourceDate "2007.06.27"]
[WhiteElo "2669"]
[BlackElo "2477"]

1. e4 c5 2. Nf3 d6 3. d4 cxd4 4. Nxd4 Nf6 5. Nc3 a6 6. Be3 e6 7. Be2 Be7 8. f4
Qc7 9. O-O O-O 10. g4 b5 11. g5 Nfd7 12. a3 Nc6 13. f5 Nxd4 14. Qxd4 Bb7 15. f6
gxf6 16. gxf6 e5 17. Qd3 Nxf6 18. Bh6 Kh8 19. Bxf8 Rxf8 20. Bf3 Nd7 21. b4 Nb6
1-0

[Event "España tch DH2"]
[Site "Lugo ESP"]
[Date "2007.07.01"]
[Round "5.24"]
[White "Jerez Perez, Alfonso"]
[Black "Pantsulaia, Levan"]
[Result "1/2-1/2"]
[PlyCount "69"]
[EventDate "2007.06.27"]
[EventType "team"]
[EventRounds "5"]
[EventCountry "ESP"]
[Source "lmi"]
[SourceDate "2007.06.27"]
[WhiteElo "2413"]
[BlackElo "2616"]

1. e4 c6 2. d4 d5 3. Nc3 dxe4 4. Nxe4 Bf5 5. Ng3 Bg6 6. N1e2 e6 7. Nf4 Bd6 8.
h4 Qc7 9. Nxg6 hxg6 10. Ne4 Bf4 11. Bxf4 Qxf4 12. Qd3 Nf6 13. Nxf6+ gxf6 14. g3
Qd6 15. Bg2 Nd7 16. O-O-O f5 17. f4 O-O-O 18. Rhe1 Nf6 19. Bf3 Nh5 20. Bxh5
Rxh5 21. Re3 Rhh8 22. Qc4 Rd7 23. Red3 Rhd8 24. a3 Qf8 25. Qa4 a6 26. Qb4 Qh8
27. Kb1 Qh5 28. Qe1 Kb8 29. Qe3 Ka8 30. R1d2 Qg4 31. Qe5 Qh3 32. Qe1 Rd5 33.
Ka2 Qg4 34. Qe3 Qh3 35. Qe1 1/2-1/2

[Event "España tch DH2"]
[Site "Lugo ESP"]
[Date "2007.07.01"]
[Round "5.25"]
[White "Khamrakulov, Ibragim S"]
[Black "Granados Gomez, Manuel"]
[Result "*"]
[PlyCount "35"]
[EventDate "2007.06.27"]
[EventType "team"]
[EventRounds "5"]
[EventCountry "ESP"]
[Source "lmi"]
[SourceDate "2007.06.27"]
[WhiteElo "2545"]
[BlackElo "2410"]

1. c4 e5 2. g3 Nf6 3. Bg2 d5 4. cxd5 Nxd5 5. Nf3 Nc6 6. O-O Nb6 7. Nc3 Be7 8.
a3 O-O 9. b4 Re8 10. d3 Bf8 11. Be3 a5 12. b5 Nd4 13. Nd2 a4 14. Nc4 Nxc4 15.
dxc4 Nb3 16. Ra2 Be6 17. Qxd8 Raxd8 18. Bd5 *

[Event "España tch DH2"]
[Site "Lugo ESP"]
[Date "2007.07.01"]
[Round "5.31"]
[White "Gashimov, Vugar"]
[Black "Miton, Kamil"]
[Result "1/2-1/2"]
[PlyCount "77"]
[EventDate "2007.06.27"]
[EventType "team"]
[EventRounds "5"]
[EventCountry "ESP"]
[Source "lmi"]
[SourceDate "2007.06.27"]
[WhiteElo "2644"]
[BlackElo "2653"]

1. e4 c6 2. d4 d5 3. Nd2 dxe4 4. Nxe4 Nd7 5. Ng5 Ngf6 6. Bd3 e6 7. N1f3 Bd6 8.
Qe2 h6 9. Ne4 Nxe4 10. Qxe4 Qc7 11. Qg4 Kf8 12. O-O b6 13. b3 Bb7 14. Bb2 Nf6
15. Qh4 Nd5 16. Ne5 g5 17. Qg4 Nf4 18. Rfe1 Rg8 19. Rad1 f6 20. Nc4 f5 21. Qf3
c5 22. Qe3 Nxg2 23. Qxe6 Bxh2+ 24. Kf1 Nh4 25. Qxh6+ Qg7 26. Qxg7+ Rxg7 27. d5
Bxd5 28. Ne3 Bf3 29. Bxg7+ Kxg7 30. Be2 Be4 31. Rd7+ Kg6 32. Bd3 Bf3 33. Bc4 g4
34. Bd5 Rh8 35. Nc4 Kg5 36. Re6 Bxd5 37. Rxd5 Nf3 38. Ne3 Nd4 39. Re7 1/2-1/2

[Event "España tch DH2"]
[Site "Lugo ESP"]
[Date "2007.07.01"]
[Round "5.34"]
[White "Kurajika, Bojan"]
[Black "Malakhatko, Vadim"]
[Result "1/2-1/2"]
[PlyCount "74"]
[EventDate "2007.06.27"]
[EventType "team"]
[EventRounds "5"]
[EventCountry "ESP"]
[Source "lmi"]
[SourceDate "2007.06.27"]
[WhiteElo "2541"]
[BlackElo "2598"]

1. d4 Nf6 2. Nf3 d5 3. c4 e6 4. g3 dxc4 5. Qa4+ Nbd7 6. Bg2 a6 7. Nc3 Be7 8.
Ne5 O-O 9. Nxc4 c5 10. dxc5 Bxc5 11. Be3 Bxe3 12. Nxe3 Rb8 13. O-O b5 14. Qf4
Bb7 15. Rfd1 Bxg2 16. Kxg2 Rb6 17. Rd2 Qa8+ 18. Kg1 Rc8 19. Rad1 Nf8 20. Ng4
Nxg4 21. Qxg4 Rc4 22. Qf3 Qxf3 23. exf3 Rc8 24. Rd8 Rxd8 25. Rxd8 f5 26. Ra8
Kf7 27. Ra7+ Kf6 28. a4 bxa4 29. Nxa4 Rc6 30. f4 h6 31. h4 g5 32. Ra8 Nd7 33.
fxg5+ hxg5 34. hxg5+ Kxg5 35. b4 Rc4 36. Rxa6 Rxb4 37. Rd6 Rxa4 1/2-1/2

[Event "España tch DH2"]
[Site "Lugo ESP"]
[Date "2007.07.01"]
[Round "5.35"]
[White "Lariño Nieto, David"]
[Black "Garcia Padron, Jose"]
[Result "0-1"]
[PlyCount "70"]
[EventDate "2007.06.27"]
[EventType "team"]
[EventRounds "5"]
[EventCountry "ESP"]
[Source "lmi"]
[SourceDate "2007.06.27"]
[WhiteElo "2404"]
[BlackElo "2408"]

1. e4 e5 2. Nf3 Nc6 3. d4 exd4 4. Nxd4 Nf6 5. Nxc6 bxc6 6. e5 Qe7 7. Qe2 Nd5 8.
c4 Ba6 9. b3 Qh4 10. a3 Bc5 11. g3 Bxf2+ 12. Qxf2 Qe4+ 13. Kd2 Qxh1 14. Bg2
Qxh2 15. cxd5 cxd5 16. Kc2 c6 17. Bf4 Qh5 18. Nc3 O-O 19. Rh1 Qg6+ 20. Kb2 Bd3
21. Bf3 a5 22. Na4 Bf5 23. Rh5 h6 24. Rh4 f6 25. Bh5 Qh7 26. Nb6 Rad8 27. exf6
Rxf6 28. Be5 Rff8 29. Bd6 g5 30. Rh2 Qg7+ 31. Ka2 Bb1+ 32. Kxb1 Rxf2 33. Rxf2
Qd4 34. Bf7+ Kg7 35. Rf3 Qd1+ 0-1

[Event "España tch DH2"]
[Site "Lugo ESP"]
[Date "2007.07.01"]
[Round "5.36"]
[White "Lezcano Jaen, Pedro"]
[Black "Reinaldo Castiñeira, Roi"]
[Result "1/2-1/2"]
[PlyCount "63"]
[EventDate "2007.06.27"]
[EventType "team"]
[EventRounds "5"]
[EventCountry "ESP"]
[Source "lmi"]
[SourceDate "2007.06.27"]
[WhiteElo "2382"]
[BlackElo "2452"]

1. Nf3 Nf6 2. b3 g6 3. Bb2 Bg7 4. g3 O-O 5. Bg2 d5 6. c4 c6 7. O-O Nbd7 8. Qc2
Re8 9. cxd5 cxd5 10. d4 Nf8 11. Rc1 Qa5 12. Nbd2 Bf5 13. Qc5 Qa6 14. e3 N8d7
15. Qa3 Qb6 16. Bf1 Bf8 17. Qa4 Rec8 18. Ba3 a6 19. Bb4 Qd8 20. Qa3 Rxc1 21.
Qxc1 Rc8 22. Qa3 Nb8 23. Rc1 Nc6 24. Bc3 e6 25. Qb2 b5 26. a3 Nd7 27. b4 Nb6
28. Nb3 Nc4 29. Qa2 Nb8 30. Nc5 g5 31. a4 h6 32. axb5 1/2-1/2